000 00855naa a22002657a 4500
001 BR8107200
003 BR-BrBNA
005 20240918175049.0
007 ta
008 230509b bl.||||| |||| 00| 0 por d
040 _aBR-BrBNA
_bpor
_cBiblioteca Nacional de Agricultura
041 _a(Pt)
072 _aF25
_b3854
090 _aF25 BR8107200
100 1 _aPons, A.L.
245 1 _aFontes de materia organica e seu uso
260 3 _aPorto Alegre, RS (Brasil):
_c1981.
500 _a1. Curso de Agricultura Biologica Porto Alegre, RS (Brasil): 1981. p. 123-137 (BR8107200-AM)F25
650 _aFERTILIDADE DO SOLO
650 _aMATERIA ORGANICA
650 _aESTERCO
773 0 _t1. Curso de Agricultura Biologica
_wF25 BR8107200
_gPorto Alegre, RS (Brasil), 1981. p. 123-137
909 _a202404
_bLucia
_c55
_dLucia Elande
942 _cAM
_2AGRIS
999 _c314796
_d314796